Größte Städte in Nordrhein-Westfalen nach Buchstabe - Statistiken

Allgemein
  • Dieses Quiz wurde 129 mal gespielt
  • Das Durchschnittsergebnis liegt bei 17 aus 24
Antwortstatistiken
Hint Antwort % Korrekt
D Düsseldorf
99%
E Essen
97%
K Köln
97%
B Bochum
95%
A Aachen
93%
G Gelsenkirchen
89%
W Wuppertal
89%
X Xanten
89%
M Münster
85%
O Oberhausen
85%
P Paderborn
83%
S Solingen
74%
L Leverkusen
72%
I Iserlohn
69%
H Hagen
67%
R Remscheid
67%
U Unna
65%
N Neuss
61%
V Velbert
52%
C Castrop-Rauxel
50%
J Jülich
45%
Z Zülpich
35%
T Troisdorf
34%
F Frechen
29%
Keine übereinstimmenden Quizze gefunden
Verteilung der Resultate
Anzahl Personen mit jedem Resultat
Perzentil nach korrekt beantworteten Fragen
Ihre Resultats-Entwicklung
Sie haben dieses Quiz noch nicht gespielt